00916nam a2200241 a 4500001001000000003000400010005001700014008004100031020001500072040002500087082003200112100002300144240006100167245015900228250001100387260003600398300005500434650004600489650005400535700002300589700002400612700003800636000039969OSt20201211075423.0130801s2005 ck d 000 0 spa d a9584100386 aDO-SdBNPbspacBNPHU 4a658.4033bB715a 20002221 aBonini, Charles P.10a Quantative analysis for business decisions.l Español10aAnálisis cuantitativo para los negocios /cCharles P. Bonini, Warren H. Hausman, Harold Bierman Jr. ; versión en español Cecilia Ávila de Barón. a9a ed. aBogotá :bMcGraw-Hill,c2005. a530 p. :bil., diagrs.,grafcs., tablas ;c27 cm. 4aToma de decisionesxModelos matemáticos 4aAdministración industralxModelos matemáticos1 aHausman, Warren H.1 aBierman Jr., Harold1 aÁvila de Barón, Cecilia,etr.